000 00206nam a22000857a 4500
008 240405b |||||||| |||| 00| 0 eng d
100 _aHubbard Ron
_97763
245 _aThe Ethics Book
260 _aNew Delhi
_c2017
999 _c12561
_d12561